[Event "Junior Online 4NCL Division 3"]
[Site "online"]
[Date "2021.02.18"]
[EventDate "2021.02.18"]
[Round "3.56"]
[White "Groot Wassink, Leon"]
[WhiteElo "1514"]
[WhiteTeam "JHJ Shark Tank 2"]
[Black "Eedle, Eric F"]
[BlackElo "1638"]
[BlackTeam "Barnet Knights A"]
[Result "0-1"]
[PlyCount "70"]

1. e4 c5 2. Nc3 Nc6 3. Bb5 Nd4 4. Bc4 e6 5. Nf3 g6 6. d3 Bg7 7. Bf4 a6 8. a4 Ne7 9. O-O d6 10. Re1 O-O 11. Nd2 e5 12. Be3 Nec6 13. Bxd4 Nxd4 14. Nf3 Bg4 15. Kh1 Bxf3 16. gxf3 Qh4 17. Kg1 Bh6 18. Kg2 Bf4 19. Rh1 Qg5+ 20. Kf1 Qh5 21. Kg2 Kg7 22. Ne2 Qxf3+ 23. Kg1 Nxe2+ 24. Kf1 Qxh1+ 25. Kxe2 Qxd1+ 26. Rxd1 Rab8 27. b3 b5 28. axb5 axb5 29. Bd5 Bxh2 30. Rh1 Bf4 31. c4 bxc4 32. bxc4 Rb2+ 33. Kf3 h5 34. Rg1 Rfb8 35. Rf1 Rd2 0-1

[Event "Junior Online 4NCL Division 3"]
[Site "online"]
[Date "2021.02.18"]
[EventDate "2021.02.18"]
[Round "3.57"]
[White "Angelopoulos, Andreas"]
[WhiteElo "1639"]
[WhiteTeam "Barnet Knights A"]
[Black "Royle, Alex"]
[BlackElo "1479"]
[BlackTeam "JHJ Shark Tank 2"]
[Result "0-1"]
[PlyCount "110"]

1. d4 Nf6 2. c4 c5 3. d5 b5 4. cxb5 a6 5. Nf3 axb5 6. e3 Ba6 7. Nc3 b4 8. Bxa6 Nxa6 9. Ne2 g6 10. O-O Bg7 11. d6 O-O 12. Nf4 exd6 13. Qxd6 Qc7 14. Rd1 Rfd8 15. Rb1 Qxd6 16. Rxd6 Nc7 17. a3 Nb5 18. Rb6 Rab8 19. Rxb8 Rxb8 20. axb4 cxb4 21. Bd2 Nd6 22. Rd1 Nc4 23. Bc1 Ne4 24. b3 Na5 25. Nd4 Rc8 26. Bb2 Nc3 27. Bxc3 bxc3 28. Nd5 Kf8 29. Rc1 Bxd4 30. exd4 Nxb3 31. Rxc3 Rxc3 32. Nxc3 Nxd4 33. Nd5 f5 34. Nf6 Ke7 35. Nxh7 Ne6 36. h4 d5 37. Kf1 d4 38. g3 Kd6 39. Ke2 Ke5 40. f3 Nc5 41. Ng5 d3+ 42. Kd2 Kd4 43. Ne6+ Nxe6 44. g4 fxg4 45. fxg4 Nf4 46. Kd1 Ke3 47. Ke1 d2+ 48. Kd1 Nd3 49. h5 Nf2+ 50. Kc2 d1=Q+ 51. Kc3 Qc1+ 52. Kb4 Kd4 53. hxg6 Qb2+ 54. Ka5 Kc5 55. Ka6 Qb6# 0-1

[Event "Junior Online 4NCL Division 3"]
[Site "online"]
[Date "2021.02.18"]
[EventDate "2021.02.18"]
[Round "3.58"]
[White "Tang, Brian"]
[WhiteElo "1464"]
[WhiteTeam "JHJ Shark Tank 2"]
[Black "Drel, Anton"]
[BlackElo "1600"]
[BlackTeam "Barnet Knights A"]
[Result "0-1"]
[PlyCount "92"]

1. e4 e5 2. Nf3 Nc6 3. Bb5 a6 4. Ba4 b5 5. Bb3 Bb7 6. O-O Nf6 7. d3 Bc5 8. Bg5 h6 9. Bh4 d6 10. c3 g5 11. Bg3 O-O 12. Re1 Bb6 13. d4 Re8 14. Bc2 exd4 15. cxd4 g4 16. Nh4 Nxd4 17. Nc3 h5 18. Qd3 Nxe4 19. Nxe4 Qe7 20. Nf6+ Qxf6 21. Qh7+ Kf8 22. Bd3 Qg7 23. Qxh5 Rxe1+ 24. Rxe1 Re8 25. Rf1 Be4 26. Bxe4 Rxe4 27. f3 Ne2+ 28. Kh1 Nxg3+ 29. hxg3 Re5 30. Qxg4 Qxg4 31. fxg4 Re2 32. Ng6+ Ke8 33. Nh8 Rf2 34. Rxf2 Bxf2 35. g5 Bd4 36. g6 Bxh8 37. gxf7+ Kxf7 38. b3 Bd4 39. Kh2 c5 40. Kh3 c4 41. g4 c3 42. Kg3 c2 43. Kf3 c1=Q 44. Ke2 Qe3+ 45. Kd1 Bc3 46. g5 Qd2# 0-1

[Event "Junior Online 4NCL Division 3"]
[Site "online"]
[Date "2021.02.18"]
[EventDate "2021.02.18"]
[Round "3.61"]
[White "Turner, Jamie"]
[WhiteElo "1562"]
[WhiteTeam "MCS Tenners A"]
[Black "Thompson, Alex"]
[BlackElo "1554"]
[BlackTeam "Surrey Kings 1"]
[Result "0-1"]
[PlyCount "97"]

1. d4 e6 2. c4 Bb4+ 3. Bd2 a5 4. a3 Bxd2+ 5. Qxd2 b6 6. Nc3 d6 7. Nf3 Nf6 8. e4 Bb7 9. Bd3 Nbd7 10. d5 e5 11. Qg5 Nc5 12. Bc2 O-O 13. h4 Bc8 14. h5 h6 15. Qe3 Bg4 16. Rh4 Bxh5 17. Nh2 Ng4 18. Qg3 Nxh2 19. Qxh2 Bg6 20. Rg4 Nd7 21. O-O-O Nf6 22. Rg3 Qd7 23. Qh3 Qxh3 24. Rxh3 Nh7 25. g3 f5 26. f3 Ng5 27. Rhh1 Nxf3 28. exf5 Bxf5 29. Bxf5 Rxf5 30. Rhf1 Rff8 31. Rd3 Nd4 32. Rxf8+ Rxf8 33. Rd2 Nb3+ 34. Kc2 Nxd2 35. Kxd2 Kh7 36. Ke3 g5 37. g4 Rf4 38. b3 Rxg4 39. Nb5 Rg3+ 40. Ke4 Kg6 41. b4 axb4 42. axb4 h5 43. Nxc7 h4 44. Nb5 h3 45. Nxd6 h2 46. Nf5 Rg4+ 47. Kxe5 h1=Q 48. d6 Qe1+ 49. Kd5 Qe4# 0-1

[Event "Junior Online 4NCL Division 3"]
[Site "online"]
[Date "2021.02.18"]
[EventDate "2021.02.18"]
[Round "3.63"]
[White "Yao, Rian"]
[WhiteElo "1060"]
[WhiteTeam "MCS Tenners A"]
[Black "Callan, Adrian"]
[BlackElo "1413"]
[BlackTeam "Surrey Kings 1"]
[Result "1-0"]
[PlyCount "28"]

1. e4 c6 2. d4 d5 3. e5 Bf5 4. Nc3 e6 5. Nf3 Nd7 6. Bf4 c5 7. dxc5 Bxc5 8. Be2 Qb6 9. O-O Qxb2 10. Na4 Qb4 11. Nxc5 Nxc5 12. Rb1 Qxf4 13. g3 Qa4 14. Bb5+ Qxb5 1-0

[Event "Junior Online 4NCL Division 3"]
[Site "online"]
[Date "2021.02.18"]
[EventDate "2021.02.18"]
[Round "3.64"]
[White "Josse, Ben"]
[WhiteElo "1232"]
[WhiteTeam "Surrey Kings 1"]
[Black "Yang, Lucas"]
[BlackElo "1057"]
[BlackTeam "MCS Tenners A"]
[Result "1-0"]
[PlyCount "135"]

1. e4 c5 2. Nc3 d6 3. d4 cxd4 4. Qxd4 Nc6 5. Qd2 Nf6 6. f3 e6 7. b3 g6 8. Bb2 Bg7 9. O-O-O O-O 10. Nge2 d5 11. exd5 exd5 12. Nxd5 Nxd5 13. Bxg7 Kxg7 14. Qxd5 Qxd5 15. Rxd5 Be6 16. Rd2 Rad8 17. Nc3 Rxd2 18. Kxd2 Rd8+ 19. Kc1 Bf5 20. g4 Be6 21. Be2 Rc8 22. Kb2 a6 23. Rd1 Rd8 24. Rxd8 Nxd8 25. Ne4 b5 26. Nc5 Bc8 27. Kc3 Kf6 28. Kd4 Be6 29. Nxa6 Nc6+ 30. Kc5 Na7 31. Kb6 Nc8+ 32. Kxb5 Nd6+ 33. Kc6 Ke7 34. Nc5 f6 35. a4 Bc8 36. a5 Nf7 37. Kc7 Nd6 38. a6 Bxa6 39. Bxa6 f5 40. b4 fxg4 41. fxg4 h5 42. gxh5 gxh5 43. b5 h4 44. b6 h3 45. b7 Nxb7 46. Bxb7 Kf6 47. Ne4+ Kf5 48. Nf2 Kg5 49. Nxh3+ Kh4 50. Ng1 Kg4 51. h3+ Kh4 52. c4 Kg5 53. c5 Kf6 54. c6 Ke7 55. Kb6 Kd8 56. c7+ Kd7 57. c8=Q+ Kd6 58. Qg4 Ke5 59. h4 Kf6 60. h5 Kf7 61. h6 Kf8 62. h7 Kf7 63. h8=Q Ke7 64. Qe5+ Kf7 65. Qge6+ Kf8 66. Q5d6+ Kg7 67. Qdd7+ Kf8 68. Qef7# 1-0

[Event "Junior Online 4NCL Division 3"]
[Site "online"]
[Date "2021.02.18"]
[EventDate "2021.02.18"]
[Round "3.65"]
[White "Thompson, Alex"]
[WhiteElo "1554"]
[WhiteTeam "Surrey Kings 1"]
[Black "Turner, Jamie"]
[BlackElo "1562"]
[BlackTeam "MCS Tenners A"]
[Result "1-0"]
[PlyCount "183"]

1. d4 d5 2. c4 e6 3. cxd5 exd5 4. Nc3 Nf6 5. Bg5 Be6 6. e3 Bb4 7. a3 Bxc3+ 8. bxc3 h6 9. Bh4 Nc6 10. Qc2 O-O 11. Bd3 Bg4 12. f3 Bh5 13. Ne2 Qd6 14. O-O Rfe8 15. Nf4 Rxe3 16. Bg3 Qd7 17. Bf5 Qd8 18. Rfe1 Rxe1+ 19. Rxe1 g5 20. Nxh5 Nxh5 21. Bf2 Nf6 22. h4 Ne7 23. Bd3 Qd7 24. hxg5 hxg5 25. Be3 Re8 26. Bxg5 Kg7 27. Bxf6+ Kxf6 28. Qd2 Nf5 29. Rxe8 Qxe8 30. Qf4 Qe1+ 31. Kh2 Qh4+ 32. Qxh4+ Nxh4 33. Kg3 Nf5+ 34. Kf2 Nd6 35. Ke3 a6 36. a4 Nc4+ 37. Bxc4 dxc4 38. Ke4 Ke6 39. d5+ Kf6 40. Kd4 b5 41. axb5 axb5 42. f4 Kf5 43. Kc5 Ke4 44. Kxb5 Kxd5 45. g3 c6+ 46. Kb4 c5+ 47. Kb5 f6 48. Kb6 Kd6 49. Kb5 Kd5 50. Kb6 f5 51. Kb5 Kd6 52. Kxc4 Kc6 53. Kb3 Kd5 54. Kc2 c4 55. Kd2 Ke4 56. Ke2 Kd5 57. Kf3 Ke6 58. g4 fxg4+ 59. Kxg4 Kf6 60. f5 Kf7 61. Kf4 Kf6 62. Ke4 Ke7 63. Ke5 Kf7 64. f6 Kf8 65. Ke6 Ke8 66. f7+ Kf8 67. Kd5 Kxf7 68. Kxc4 Ke6 69. Kb5 Kd6 70. c4 Kc7 71. Kc5 Kb7 72. Kd6 Kc8 73. Kc6 Kd8 74. Kb7 Kd7 75. c5 Kd8 76. c6 Ke8 77. c7 Kd7 78. c8=Q+ Kd6 79. Qc6+ Ke5 80. Qd7 Ke4 81. Qd6 Kf5 82. Qe7 Kg6 83. Qf8 Kg5 84. Qf7 Kg4 85. Qf6 Kg3 86. Qf5 Kh4 87. Qg6 Kh3 88. Kc6 Kh4 89. Kd5 Kh3 90. Ke4 Kh2 91. Kf3 Kh3 92. Qh6# 1-0

[Event "Junior Online 4NCL Division 3"]
[Site "online"]
[Date "2021.02.18"]
[EventDate "2021.02.18"]
[Round "3.67"]
[White "Callan, Adrian"]
[WhiteElo "1413"]
[WhiteTeam "Surrey Kings 1"]
[Black "Yao, Rian"]
[BlackElo "1060"]
[BlackTeam "MCS Tenners A"]
[Result "1-0"]
[PlyCount "151"]

1. d4 d5 2. c4 c6 3. e3 Nf6 4. cxd5 cxd5 5. Nc3 Nc6 6. Nf3 e6 7. Bb5 Bd7 8. O-O Bd6 9. Qe2 Qc7 10. e4 dxe4 11. Nxe4 Nxe4 12. Qxe4 O-O 13. Be3 Qb6 14. a4 a6 15. d5 exd5 16. Qxd5 Qc7 17. Bd3 Nb4 18. Qd4 Nxd3 19. Qxd3 Bg4 20. Rac1 Qb8 21. Ng5 g6 22. Bb6 Bxh2+ 23. Kh1 Re8 24. Qc4 Be6 25. Nxe6 Rxe6 26. a5 Rc6 27. Qh4 Rxc1 28. Rxc1 Bf4 29. Rc4 Bd6 30. Qf6 Be5 31. Qe7 Bxb2 32. Rc7 Qe8 33. Rxb7 Qxe7 34. Rxe7 Rf8 35. Ra7 Re8 36. Rxa6 Re1+ 37. Kh2 Be5+ 38. g3 Kg7 39. Ra8 Rd1 40. Rd8 Rxd8 41. Bxd8 Kh6 42. Bb6 Kg7 43. a6 Bb8 44. a7 Bxa7 45. Bxa7 f5 46. Kg2 Kf6 47. Bb8 Kg5 48. Kf3 h5 49. Bc7 h4 50. Bd8+ Kh5 51. Bxh4 g5 52. Bxg5 Kxg5 53. Ke3 Kg4 54. Ke2 Kh3 55. Kf3 Kh2 56. Kf4 Kg2 57. f3 Kf2 58. g4 fxg4 59. fxg4 Ke2 60. g5 Kd3 61. g6 Kd4 62. g7 Kd5 63. g8=Q+ Kc6 64. Qd8 Kc5 65. Ke5 Kc4 66. Qd7 Kc3 67. Ke4 Kc2 68. Ke3 Kc1 69. Ke2 Kc2 70. Qc7+ Kb3 71. Kd3 Kb2 72. Qc6 Kb1 73. Kd2 Kb2 74. Qb6+ Ka3 75. Kc3 Ka4 76. Qb4# 1-0

[Event "Junior Online 4NCL Division 3"]
[Site "online"]
[Date "2021.02.18"]
[EventDate "2021.02.18"]
[Round "3.68"]
[White "Yang, Lucas"]
[WhiteElo "1057"]
[WhiteTeam "MCS Tenners A"]
[Black "Josse, Ben"]
[BlackElo "1232"]
[BlackTeam "Surrey Kings 1"]
[Result "0-1"]
[PlyCount "126"]

1. e4 c5 2. Nf3 Nc6 3. Bc4 g6 4. O-O Bg7 5. d3 e6 6. Bd2 Nge7 7. Nc3 O-O 8. Qe2 d5 9. exd5 exd5 10. Bb3 Bg4 11. h3 Nd4 12. Qe3 Nef5 13. Qg5 Bxf3 14. Qxd8 Raxd8 15. Bf4 Nxb3 16. cxb3 d4 17. gxf3 dxc3 18. Rfd1 cxb2 19. Rab1 Nd4 20. Kg2 Ne2 21. Bc7 Rd7 22. Ba5 b6 23. Bd2 Rxd3 24. Kf1 Nd4 25. Rxb2 Nxf3 26. Ke2 Rxd2+ 27. Rdxd2 Nxd2 28. Rxd2 Re8+ 29. Kf1 Bf6 30. Rd3 Rd8 31. Rf3 Kg7 32. Re3 Rd4 33. Ke1 Bg5 34. Re2 Kf6 35. Kf1 Rd5 36. Kg2 Rd2 37. Rxd2 Bxd2 38. f3 Ke5 39. Kf2 Kd4 40. Ke2 Kc3 41. h4 Bf4 42. Kf2 h5 43. Kg2 Kb2 44. Kf2 Kxa2 45. Ke2 Kxb3 46. Kd3 c4+ 47. Ke4 Bg3 48. f4 Bxh4 49. f5 c3 50. fxg6 fxg6 51. Kf3 c2 52. Kg2 c1=Q 53. Kf3 Qc3+ 54. Ke4 a5 55. Kd5 a4 56. Ke4 a3 57. Kf4 a2 58. Ke4 a1=Q 59. Kd5 Qe5+ 60. Kc6 Qac3+ 61. Kxb6 Qec5+ 62. Kb7 Q3b4+ 63. Ka6 Qca5# 0-1

[Event "Junior Online 4NCL Division 3"]
[Site "online"]
[Date "2021.02.18"]
[EventDate "2021.02.18"]
[Round "3.71"]
[White "Shah, Prem"]
[WhiteElo "1171"]
[WhiteTeam "Watford Juniors D"]
[Black "Yau, Ethan Y"]
[BlackElo "1544"]
[BlackTeam "Temple Sutton Juniors"]
[Result "0-1"]
[PlyCount "58"]

1. e4 e5 2. Nf3 Nc6 3. Bb5 d6 4. Nc3 a6 5. Ba4 Bg4 6. O-O Nf6 7. Bxc6+ bxc6 8. d4 Be7 9. Bg5 O-O 10. dxe5 dxe5 11. Qe2 h6 12. Bh4 Re8 13. Rad1 Qb8 14. b3 Qb4 15. Qd3 Rad8 16. Qe3 Bc5 17. Qe2 Qxc3 18. Qxa6 Bxf3 19. gxf3 Qxf3 20. Bxf6 Bxf2+ 21. Rxf2 Rxd1+ 22. Rf1 Rxf1+ 23. Qxf1 Qxf6 24. Qc4 Rd8 25. Qe2 Qg5+ 26. Kf1 Qf4+ 27. Kg1 Rd2 28. Qh5 Qf2+ 29. Kh1 Qg2# 0-1

[Event "Junior Online 4NCL Division 3"]
[Site "online"]
[Date "2021.02.18"]
[EventDate "2021.02.18"]
[Round "3.73"]
[White "Bamania, Prayaan"]
[WhiteElo "674"]
[WhiteTeam "Watford Juniors D"]
[Black "Summers, Dylan S"]
[BlackElo "1532"]
[BlackTeam "Temple Sutton Juniors"]
[Result "1-0"]
[PlyCount "77"]

1. e4 e5 2. Bc4 Nc6 3. Nf3 Bc5 4. d3 h6 5. a3 Nf6 6. h3 d6 7. Be3 Bb6 8. Bb5 Bd7 9. Nbd2 O-O 10. O-O a6 11. Bc4 Be6 12. b4 Bxc4 13. dxc4 Bxe3 14. fxe3 Re8 15. b5 axb5 16. cxb5 Ne7 17. c4 c6 18. a4 cxb5 19. axb5 Rxa1 20. Qxa1 Qb6 21. Re1 Qc5 22. Qc3 Ra8 23. Nb3 Qb6 24. c5 dxc5 25. Nxc5 Qxb5 26. Nxe5 Rc8 27. Rc1 b6 28. Qc4 Qxc5 29. Qxf7+ Kh8 30. Rxc5 bxc5 31. Qxe7 Nxe4 32. Ng6+ Kh7 33. Qxe4 Rb8 34. Ne7+ Kh8 35. g4 Rb1+ 36. Kg2 Rb2+ 37. Kf3 Rb4 38. Qa8+ Kh7 39. Qg8# 1-0

[Event "Junior Online 4NCL Division 3"]
[Site "online"]
[Date "2021.02.18"]
[EventDate "2021.02.18"]
[Round "3.74"]
[White "Yau, Max Y"]
[WhiteElo "1267"]
[WhiteTeam "Temple Sutton Juniors"]
[Black "Manoj Kumar, Arth"]
[BlackElo "672"]
[BlackTeam "Watford Juniors D"]
[Result "1-0"]
[PlyCount "113"]

1. e4 e5 2. Nf3 Nc6 3. Bc4 Bc5 4. d3 d6 5. h3 h6 6. Nc3 Nf6 7. O-O Nd4 8. Nxd4 Bxd4 9. Bd2 Bxc3 10. Bxc3 Be6 11. Bxe6 fxe6 12. Qf3 Qe7 13. Rfe1 O-O-O 14. d4 exd4 15. Bxd4 e5 16. Bc3 d5 17. exd5 Nxd5 18. Rxe5 Qd6 19. Rd1 c6 20. Qf5+ Rd7 21. Re6 Qf8 22. Qxf8+ Rxf8 23. Rd3 Nxc3 24. Rxc3 Rd1+ 25. Kh2 Rxf2 26. Re8+ Rd8 27. Re7 Rfd2 28. Rxg7 R2d7 29. Rg6 Rh7 30. Re3 Rhh8 31. Ree6 Rhe8 32. Rxe8 Rxe8 33. Rxh6 Re2 34. Rh4 Rxc2 35. Rb4 c5 36. Rb3 c4 37. Rc3 Rxb2 38. Rxc4+ Kd7 39. Ra4 b5 40. Rxa7+ Kc6 41. h4 Kd5 42. h5 Ke4 43. h6 Rc2 44. h7 Rc8 45. Rg7 Kf5 46. Rg8 Rxg8 47. hxg8=Q b4 48. Qc4 Kg5 49. Qxb4 Kh5 50. Qe1 Kg5 51. Qf2 Kg4 52. Kg1 Kh5 53. Qg3 Kh6 54. Kf2 Kh5 55. Kf3 Kh6 56. Kf4 Kh5 57. Qg5# 1-0

[Event "Junior Online 4NCL Division 3"]
[Site "online"]
[Date "2021.02.18"]
[EventDate "2021.02.18"]
[Round "3.75"]
[White "Yau, Ethan Y"]
[WhiteElo "1544"]
[WhiteTeam "Temple Sutton Juniors"]
[Black "Shah, Prem"]
[BlackElo "1171"]
[BlackTeam "Watford Juniors D"]
[Result "1-0"]
[PlyCount "59"]

1. e4 e5 2. Nf3 Nc6 3. Bc4 Nf6 4. d3 Bc5 5. Bg5 O-O 6. Nc3 d6 7. Nd5 Bg4 8. Nxf6+ gxf6 9. Bh6 Re8 10. c3 Kh8 11. Bxf7 Re7 12. Bd5 Qd7 13. h3 Be6 14. Nh4 Rg8 15. Qf3 Bxd5 16. exd5 Nd8 17. Qxf6+ Rgg7 18. Bxg7+ Rxg7 19. Nf5 Qf7 20. Qxd8+ Rg8 21. Qh4 Qxf5 22. O-O Bb6 23. Rad1 c5 24. dxc6 bxc6 25. Qe7 Qxh3 26. Qf6+ Rg7 27. g3 Kg8 28. Qxd6 Bc7 29. Qxc6 e4 30. Qe8# 1-0

[Event "Junior Online 4NCL Division 3"]
[Site "online"]
[Date "2021.02.18"]
[EventDate "2021.02.18"]
[Round "3.77"]
[White "Summers, Dylan S"]
[WhiteElo "1532"]
[WhiteTeam "Temple Sutton Juniors"]
[Black "Bamania, Prayaan"]
[BlackElo "674"]
[BlackTeam "Watford Juniors D"]
[Result "1-0"]
[PlyCount "85"]

1. e4 e5 2. Nf3 Nc6 3. Bc4 Bc5 4. Nc3 Nf6 5. d3 d6 6. h3 h6 7. O-O O-O 8. Be3 Bxe3 9. fxe3 Be6 10. Bxe6 fxe6 11. d4 Re8 12. Re1 Qe7 13. a3 Rad8 14. d5 exd5 15. exd5 Na5 16. Qd3 c6 17. b4 e4 18. Nxe4 Nxe4 19. bxa5 Nc5 20. Qc4 b5 21. Qd4 cxd5 22. Qxd5+ Kh7 23. Qc6 Qe6 24. Qxb5 Rb8 25. Qe2 Qe4 26. Nd2 Qxc2 27. Nc4 Qe4 28. Nxd6 Qd5 29. Nxe8 Rxe8 30. Qb5 Re5 31. Rad1 Qe4 32. Qb1 Nd3 33. Rxd3 Rg5 34. Rd8 Qxb1 35. Rxb1 Rg3 36. Kf2 Rg5 37. Rd7 Rxa5 38. Ra1 Rf5+ 39. Kg1 a5 40. Ra7 Kg6 41. Kh2 Kg5 42. Kg3 Re5 43. Rxg7+ 1-0

[Event "Junior Online 4NCL Division 3"]
[Site "online"]
[Date "2021.02.18"]
[EventDate "2021.02.18"]
[Round "3.78"]
[White "Manoj Kumar, Arth"]
[WhiteElo "672"]
[WhiteTeam "Watford Juniors D"]
[Black "Yau, Max Y"]
[BlackElo "1267"]
[BlackTeam "Temple Sutton Juniors"]
[Result "0-1"]
[PlyCount "96"]

1. e4 e5 2. d4 d6 3. Nf3 Nc6 4. c3 Nf6 5. Bc4 Bg4 6. dxe5 dxe5 7. Nbd2 Bc5 8. b4 Bb6 9. b5 Na5 10. Ba3 Nxc4 11. Nxc4 Qxd1+ 12. Rxd1 Bxf3 13. gxf3 c6 14. Nxb6 axb6 15. Bb2 Rxa2 16. Rd2 O-O 17. Ba3 Rxa3 18. bxc6 bxc6 19. Rd3 h6 20. O-O Rfa8 21. Rdd1 Rxc3 22. Ra1 Rxa1 23. Rxa1 Rxf3 24. Kg2 Rb3 25. f3 Rb2+ 26. Kh3 c5 27. f4 exf4 28. Rf1 Rb3+ 29. Kg2 f3+ 30. Rxf3 Rxf3 31. Kxf3 Kf8 32. e5 Nd7 33. Ke3 Nxe5 34. Ke4 f6 35. Kd5 c4 36. Kd4 b5 37. Kc3 Ke7 38. Kb4 g5 39. Kxb5 c3 40. Kb4 c2 41. Kb5 c1=Q 42. Kb6 Ng4 43. h3 Kd7 44. hxg4 Kd6 45. Kb5 Qc5+ 46. Ka6 Qb4 47. Ka7 Kc7 48. Ka6 Qb6# 0-1

[Event "Junior Online 4NCL Division 3"]
[Site "online"]
[Date "2021.02.18"]
[EventDate "2021.02.18"]
[Round "3.82"]
[White "Evans, Joseph"]
[WhiteElo "995"]
[WhiteTeam "Harrow Juniors E"]
[Black "Dickson, Josh"]
[BlackElo "199"]
[BlackTeam "Dundee City"]
[Result "1-0"]
[PlyCount "99"]

1. c4 c5 2. g3 e5 3. Bg2 Nf6 4. e3 d6 5. Ne2 Nc6 6. O-O Bg4 7. Re1 Qd7 8. d4 Bxe2 9. Rxe2 cxd4 10. exd4 Nxd4 11. Qxd4 Be7 12. Qd1 O-O 13. Nc3 Rac8 14. b3 b5 15. Nxb5 a6 16. Nc3 Rfd8 17. f4 exf4 18. Bxf4 h6 19. Qe1 Qa7+ 20. Kh1 Re8 21. Nd5 Nxd5 22. Bxd5 g5 23. Bxd6 Bxd6 24. Rxe8+ Rxe8 25. Qxe8+ Bf8 26. Rf1 a5 27. Bxf7+ Kg7 28. Bh5 Qb7+ 29. Kg1 Bc5+ 30. Rf2 Bxf2+ 31. Kxf2 Qb6+ 32. Kf3 Qf6+ 33. Ke3 Qc3+ 34. Ke4 Qe1+ 35. Kf5 Qf2+ 36. Kg4 Qd4+ 37. Kh3 Qa7 38. Qg6+ Kh8 39. Qxh6+ Kg8 40. Qxg5+ Kh7 41. Qg6+ Kh8 42. Qf7 Qa8 43. Qf6+ Kg8 44. Qf7+ Kh8 45. Bg6 Qc8+ 46. Bf5 Qg8 47. Qxg8+ Kxg8 48. c5 Kf8 49. c6 Ke7 50. c7 1-0

[Event "Junior Online 4NCL Division 3"]
[Site "online"]
[Date "2021.02.18"]
[EventDate "2021.02.18"]
[Round "3.83"]
[White "Dickson, Noah"]
[WhiteElo "199"]
[WhiteTeam "Dundee City"]
[Black "Patel, Aaron"]
[BlackElo "1062"]
[BlackTeam "Harrow Juniors E"]
[Result "0-1"]
[PlyCount "56"]

1. Nf3 Nc6 2. d4 e6 3. Bf4 Nf6 4. Nc3 Bb4 5. e3 O-O 6. Qd3 d5 7. a3 Ba5 8. b4 Bb6 9. Nb5 a6 10. Nxc7 Bxc7 11. Bxc7 Qxc7 12. Ng5 g6 13. Be2 e5 14. dxe5 Nxe5 15. Qd4 Bf5 16. g4 Nexg4 17. Bxg4 Bxg4 18. Qxf6 Qxc2 19. O-O h6 20. f3 Bd7 21. Qe7 Bf5 22. e4 dxe4 23. fxe4 Rae8 24. Qf6 hxg5 25. exf5 Re2 26. fxg6 Rg2+ 27. Kh1 Rxh2+ 28. Kg1 Qg2# 0-1

[Event "Junior Online 4NCL Division 3"]
[Site "online"]
[Date "2021.02.18"]
[EventDate "2021.02.18"]
[Round "3.86"]
[White "Dickson, Josh"]
[WhiteElo "199"]
[WhiteTeam "Dundee City"]
[Black "Evans, Joseph"]
[BlackElo "995"]
[BlackTeam "Harrow Juniors E"]
[Result "1-0"]
[PlyCount "57"]

1. e4 c5 2. c4 Nc6 3. Nf3 e6 4. d4 cxd4 5. Nxd4 g6 6. Nxc6 bxc6 7. Bd3 Bg7 8. Nc3 Ne7 9. O-O Rb8 10. Na4 Bxb2 11. Bxb2 O-O 12. Be5 d6 13. Bf6 Re8 14. Rb1 Rxb1 15. Qxb1 Qc7 16. Qb2 e5 17. f4 c5 18. f5 d5 19. exd5 gxf5 20. Bxf5 Nxf5 21. Rxf5 Bxf5 22. Qf2 Bd3 23. Qg3+ Bg6 24. Qg5 Qb7 25. Qh6 Qb1+ 26. Kf2 Qxa2+ 27. Kg3 Qb3+ 28. Kh4 Qxc4+ 29. g4 1-0

[Event "Junior Online 4NCL Division 3"]
[Site "online"]
[Date "2021.02.18"]
[EventDate "2021.02.18"]
[Round "3.87"]
[White "Patel, Aaron"]
[WhiteElo "1062"]
[WhiteTeam "Harrow Juniors E"]
[Black "Dickson, Noah"]
[BlackElo "199"]
[BlackTeam "Dundee City"]
[Result "0-1"]
[PlyCount "128"]

1. e4 e5 2. Bc4 Nc6 3. Nf3 Nf6 4. Ng5 Qe7 5. Nxf7 Rg8 6. Nd6+ Qxd6 7. Bxg8 Nxe4 8. O-O Nf6 9. Bb3 Nd4 10. Nc3 Ng4 11. Qxg4 Nxb3 12. axb3 Qb4 13. Nd5 Qxg4 14. Nxc7+ Kd8 15. Nxa8 Bd6 16. Rxa7 e4 17. Nb6 Qf4 18. g3 Qh6 19. d4 Bf4 20. Bxf4 Qxb6 21. Ra4 d5 22. Bd2 Qc6 23. c4 dxc4 24. Rxc4 Qb5 25. Rfc1 Be6 26. Rc5 Qxb3 27. Ba5+ Kd7 28. Rc7+ Kd6 29. Rxg7 Qxb2 30. Rgc7 Qxd4 31. R1c2 Bh3 32. Rd2 Qxd2 33. Bxd2 Kxc7 34. Bf4+ Kc6 35. Be3 b5 36. f4 exf3 37. Kf2 b4 38. Kxf3 b3 39. Bd4 Kd5 40. Bb2 Kc4 41. Ke3 Kb4 42. Kd2 h5 43. Kc1 Bf5 44. Kd2 Kc4 45. Kc1 Kd3 46. Kd1 Bg4+ 47. Kc1 Bf5 48. Kd1 Ke3 49. Kc1 Kf3 50. Kd2 Kg2 51. Kc3 Kxh2 52. Kxb3 Kxg3 53. Kc3 h4 54. Kd2 h3 55. Ke1 h2 56. Kf1 h1=Q+ 57. Ke2 Qf3+ 58. Kd2 Qd3+ 59. Kc1 Qf3 60. Kd2 Kf2 61. Kc1 Qe2 62. Bd4+ Ke1 63. Bc3+ Kf1 64. Be1 Qc2# 0-1

[Event "Junior Online 4NCL Division 3"]
[Site "online"]
[Date "2021.02.18"]
[EventDate "2021.02.18"]
[Round "3.91"]
[White "Gogia, Pranay"]
[WhiteElo "1826"]
[WhiteTeam "Colchester Juniors A"]
[Black "Anandkumar, Govind"]
[BlackElo "1217"]
[BlackTeam "St John's College C"]
[Result "0-1"]
[PlyCount "84"]

1. d4 Nf6 2. c4 d5 3. Nc3 Bf5 4. Qb3 e6 5. Qxb7 Nbd7 6. cxd5 Rb8 7. Qxa7 exd5 8. Bf4 Rc8 9. e3 Bb4 10. Rc1 O-O 11. Qa4 Bd6 12. Bxd6 cxd6 13. Nf3 Nb6 14. Qb3 Nc4 15. Nxd5 Nxd5 16. Bxc4 Nf6 17. O-O d5 18. Bd3 Bg4 19. Be2 Rxc1 20. Rxc1 Qd6 21. h3 Bxf3 22. Bxf3 h6 23. a3 Rb8 24. Qc3 Rd8 25. b4 Ne4 26. Bxe4 dxe4 27. Qc5 Qa6 28. Qc7 Ra8 29. Ra1 Rc8 30. Qe5 Qd3 31. a4 Qc3 32. b5 Qxa1+ 33. Kh2 Qxa4 34. Qxe4 Qxb5 35. g4 Qf1 36. Qf3 Rc1 37. Qa8+ Kh7 38. Qe4+ g6 39. Kg3 Qg1+ 40. Kf4 Qxf2+ 41. Ke5 Qa2 42. Qf4 Qe6# 0-1

[Event "Junior Online 4NCL Division 3"]
[Site "online"]
[Date "2021.02.18"]
[EventDate "2021.02.18"]
[Round "3.92"]
[White "Bagga, Khushi"]
[WhiteElo "1189"]
[WhiteTeam "St John's College C"]
[Black "Popovici, Rees"]
[BlackElo "1702"]
[BlackTeam "Colchester Juniors A"]
[Result "1-0"]
[PlyCount "33"]

1. e4 e5 2. Nf3 Nc6 3. Nc3 Nf6 4. d4 exd4 5. Nxd4 Nxd4 6. Qxd4 d6 7. Bc4 Be6 8. Bxe6 fxe6 9. O-O d5 10. e5 Nh5 11. Qg4 g6 12. Qxe6+ Be7 13. Bg5 Ng7 14. Qxe7+ Qxe7 15. Bxe7 Kxe7 16. Nxd5+ Ke6 17. Nxc7+ 1-0

[Event "Junior Online 4NCL Division 3"]
[Site "online"]
[Date "2021.02.18"]
[EventDate "2021.02.18"]
[Round "3.93"]
[White "Rida, Ruqayyah"]
[WhiteElo "1540"]
[WhiteTeam "Colchester Juniors A"]
[Black "Pandit, Aaryan"]
[BlackElo "1255"]
[BlackTeam "St John's College C"]
[Result "1-0"]
[PlyCount "53"]

1. e4 e5 2. Nf3 Nc6 3. Bc4 Nf6 4. d3 Bc5 5. O-O d6 6. c3 Bb6 7. h3 Bd7 8. Bb3 a6 9. Re1 Qe7 10. Nbd2 Be6 11. Bc2 h5 12. Nf1 Nd7 13. d4 exd4 14. cxd4 Ba5 15. Bd2 Bxd2 16. Qxd2 Bc4 17. Ne3 Bb5 18. a4 Bxa4 19. Bxa4 b5 20. Bb3 Nf6 21. Nd5 Qd7 22. Nxf6+ gxf6 23. Bd5 O-O-O 24. Rxa6 Nb8 25. Ra7 Rhe8 26. Rea1 Rg8 27. Bb7# 1-0

[Event "Junior Online 4NCL Division 3"]
[Site "online"]
[Date "2021.02.18"]
[EventDate "2021.02.18"]
[Round "3.94"]
[White "Kulkarni, Arnav"]
[WhiteElo "1033"]
[WhiteTeam "St John's College C"]
[Black "Catabay, Rezin C"]
[BlackElo "1493"]
[BlackTeam "Colchester Juniors A"]
[Result "1-0"]
[PlyCount "38"]

1. e4 c5 2. Nf3 d6 3. Nc3 Nc6 4. d4 cxd4 5. Nxd4 Nf6 6. Bg5 e6 7. Qd3 Be7 8. O-O-O Qa5 9. Bxf6 gxf6 10. Ndb5 Nb4 11. Nxd6+ Kf8 12. Qe3 Bxd6 13. Rxd6 Nxa2+ 14. Nxa2 Qxa2 15. Rd8+ Ke7 16. Rxh8 Qa1+ 17. Kd2 Qxb2 18. Qc5+ Kd7 19. Bb5+ Qxb5 1-0